01379nab a22001937a 4500003000400000005001700004008004100021040000700062100003000069245019100099300001500290500003700305505048000342505014600822650002300968650001500991650002901006773015001035OSt20260101195721.0190514b xxu||||| |||| 00| 0 spa d cPJ aCalá, María Florencia10aFamilias solidarias o de acogimiento y su voluntad de adoptar. Cuando la socioafectividad y los tiempos del sistema de protección trascienden lo normativo /cMaría Florencia Calá.  ap. 129-134 aCita: TR LALEY AR/DOC/3260/2024. aSumario: I. El caso.— II. Algunas cuestiones procesales. Particularidades de los procesos de familia.— III. El rol de las familias solidarias: su interacción con el sistema integral de protección de derechos y el régimen jurídico de la adopción.— IV. Desfraccionamientos de la mano de dos cuestiones claves: la socioafectividad y el paso del tiempo como factor determinante en la construcción de los vínculos.— V. Reflexiones finales en torno al caso.  aFallo comentado: ST Santiago del Estero ~ 11/07/2024 ~ Subsecretaría de la Niñez, Adolescencia y Familia (SUBNAF) s/ medida excepcional. 0aDERECHO DE FAMILIA 0aADOPCIÓN 0aJURISPRUDENCIA APLICABLE0 02844dBuenos Aires : AbeledoPerrot, 1989-tDerecho de familia. Revista Interdisciplinaria de doctrina y jurisprudencia. Febrero 2025-I.z18511201